Determinantes de la educación en América Latina : acceso, desempeño y equidad.

Tallennettuna:
Bibliografiset tiedot
Päätekijä: Castro, Cláudio de Moura (autor)
Muut tekijät: Sanguinetty, Jorge A. (autor) (autor)
Aineistotyyppi: Kirja
Kieli:espanja
Aiheet:
Tagit: Lisää tagi
Ei tageja, Lisää ensimmäinen tagi!

MARC

LEADER 00000cam^a2200000uu^4500
001 000468904
005 20250521000000.0
008 050901s1984^^^^^^^^^^^^r^^r^^000^0^spa^d
009 20260310124522.507
035 |a FCE 000011649 
035 |a FCE 007827 
037 |a Acervo ITESO - Biblioteca 
041 |a spa 
082 0 4 |a 370.8  |b MOUd 
100 |a Castro, Cláudio de Moura  |e (autor) 
245 1 0 |a Determinantes de la educación en América Latina :  |b acceso, desempeño y equidad. 
264 |a Brasil :  |b ECIEL : BID,  |c 1984. 
300 |a 248 p. 
336 |a texto  |b txt  |2 rdacontenido 
337 |a sin mediación  |b n  |2 rdamedio 
338 |a volumen  |b nc  |2 rdasoporte 
649 |a XX 
650 |a Acceso a la educación 
650 |a Docentes 
650 |a Sistema educativo 
650 |a Cambio de la educación 
650 |a Rendimiento escolar 
650 |a Relación familia-educación 
650 |a Perfil profesional 
650 |a Relación alumno-docente 
650 |a América Latina 
700 |a Sanguinetty, Jorge A.  |e (autor) 
910 |a Fondo Centro de Estudios Educativos 
920 |a Impresos - Libros 
930 |a Fondos Especiales 
905 |a 133 
901 |a ALE007827  |b IT2  |c CEE  |u 20250521 
901 |a ALE044147  |b IT2  |c CEE  |u 20250521 
901 |a ALE044148  |b IT2  |c CEE  |u 20250521 
902 |a https://opac.biblio.iteso.mx/vufind/Record/000468904